000 00501nam a22001937a 4500
003 MPLRDC
005 20220104160251.0
008 210129b ||||| |||| 00| 0 eng d
020 _a957-0337-34-6
082 _a260 SHER
100 _aDAN COHN SHERBOK
245 _a犹太教的世界
_c傅湘雯译
250 _a初版
260 _a台湾
_b猫头鹰出版社股份有限公司
_c1999
300 _b158
490 _a宗教的世界. 2
650 _a犹太教总论
942 _cBK
_o260 SHER
999 _c54890
_d54880